[Event "7th Gashimov Memorial-Rapid 2021"]
[Site "Baku"]
[Date "2021.12.20"]
[Round "5.1"]
[White "Caruana, Fabiano"]
[Black "Karjakin, Sergey"]
[Result "1/2-1/2"]
[WhiteElo "2792"]
[BlackElo "2743"]
[Annotator "TA"]
[PlyCount "75"]
[EventDate "2021.12.17"]
[EventType "tourn"]
[EventCountry "AZE"]
[SourceTitle "playchess.com"]
[Source "ChessBase"]
[SourceQuality "1"]

{[%evp 9,75,-2,10,8,10,14,44,42,44,0,46,48,49,43,50,41,42,44,55,47,65,45,99,
104,89,100,100,97,91,85,125,112,102,110,124,124,124,107,126,0,0,0,0,0,0,0,0,0,
0,0,0,0,0,-143,-145,-143,-152,-136,0,0,0,0,0,0,0,0,0,0]} 1. c4 Nf6 2. Nc3 e5 3.
Nf3 Nc6 4. e4 Bb4 5. d3 d6 6. a3 {A28: English Opening: Four Knights Variation.
} Bc5 7. b4 Bd4 8. Nxd4 {White is slightly better.} Nxd4 9. Be3 {[#]} (9. Ne2
$14) 9... c5 $146 (9... Ng4 $11) ({Predecessor:} 9... Ng4 10. Bxd4 exd4 11. Ne2
Qf6 12. f3 Ne3 13. Qd2 O-O 14. Ng3 Bd7 15. a4 g6 {0-1 (43) Sinicin,V (1595)
-Parfenov,V (2114) Uljanovsk 2010}) 10. Be2 $14 O-O 11. O-O Be6 12. Rb1 b6 13.
f4 exf4 14. Bxd4 cxd4 15. Nb5 Nd7 (15... Bd7 $14) 16. Rxf4 (16. Nxd6 $6 Qc7 17.
Nb5 Qe5 $11) 16... Qg5 17. Qf1 a5 18. Nxd4 axb4 19. axb4 Ra2 20. Qf2 Rfa8 21.
Rf1 h6 22. Nxe6 ({And not} 22. Rxf7 Bxf7 23. Qxf7+ Kh8 $15) 22... fxe6 23. h4
$1 Qd8 24. Qg3 Rxe2 $11 25. Rf7 {[%csl Gf7][%cal Rg3g7]} g5 {Threatens to win
with ...Ne5.} 26. Qxd6 Raa2 $1 27. R7f2 ({Don't blunder} 27. Rxd7 $2 Rxg2+ 28.
Kh1 Rh2+ 29. Qxh2 Rxh2+ 30. Kxh2 Qxd7 $19) 27... Rxf2 $1 28. Qxe6+ Kg7 29. Rxf2
{Really sharp!} Rxf2 30. Kxf2 gxh4 31. d4 (31. Ke2 $11) 31... Nf6 $1 $17 32.
Ke3 Qa8 {aiming for ...Qa3+.} 33. Kf4 {[#]} Qf8 (33... h3 $1 $17 {[%cal Rh3g2]}
34. Kf5 {[#]} Qxe4+ $1 35. Qxe4 Nxe4 36. gxh3 Nd6+ 37. Ke6 Nxc4) 34. Ke5 $11 {
Active counter play! The position is equal.} Qb8+ 35. Kf5 Qf8 {Hoping for ...
Nd5+.} 36. Ke5 {To avoid Nd5} Qb8+ 37. Kf5 Qf8 {White must now prevent ...Nd5+.
} 38. Ke5 {Inhibits Nd5.  Weighted Error Value: White=0.15 (very precise) /
Black=0.11 (very precise)} 1/2-1/2

[Event "7th Gashimov Memorial-Rapid 2021"]
[Site "Baku"]
[Date "2021.12.20"]
[Round "5.1"]
[White "Anand, Viswanathan"]
[Black "Mamedyarov, Shakhriyar"]
[Result "1/2-1/2"]
[WhiteElo "2751"]
[BlackElo "2767"]
[Annotator "TA"]
[PlyCount "79"]
[EventDate "2021.12.17"]
[EventType "tourn"]
[EventCountry "AZE"]
[SourceTitle "playchess.com"]
[Source "ChessBase"]
[SourceQuality "1"]

{[%evp 12,79,10,8,7,4,14,0,20,0,10,0,0,0,0,-4,-8,-9,2,0,-2,-12,0,-15,-10,-33,
-41,-32,-25,-27,-18,-19,-19,-20,-17,-40,-17,-57,-66,-78,-25,-74,-75,-60,0,0,0,
0,0,0,0,0,0,0,118,0,0,0,0,0,0,0,0,0,0,0,0,0,0,0]} 1. e4 e5 2. Nf3 Nc6 3. Bb5 a6
4. Ba4 Nf6 5. d3 b5 6. Bb3 Bc5 7. Nc3 {7.c3 gains popularity.} d6 {C77: Ruy
Lopez: 3...a6 4 Ba4 Nf6, unusual lines.} 8. Nd5 h6 {Inhibits Bg5.} 9. c3 (9.
O-O O-O 10. Be3 Bxe3 11. fxe3 Na5 12. Nxf6+ Qxf6 13. Bd5 c6 14. Nd4 Qg5 15.
Nxc6 Nxc6 16. Bxc6 Qxe3+ 17. Kh1 Rb8 18. Bd5 {½-½ (32) Anand,V (2760)
-Mamedyarov,S (2808) Stavanger 2018}) 9... Rb8 10. O-O O-O 11. Re1 Nxd5 {[#]}
12. exd5 $146 ({Predecessor:} 12. Bxd5 Ne7 13. Bb3 Bb6 14. d4 Ng6 15. h3 Qf6
16. a4 Nf4 17. a5 Ba7 18. Be3 {0-1 (41) Shevchenko,K (2592)-Sirosh,I (2405)
Chess.com INT 2020}) 12... Ne7 13. d4 exd4 14. Nxd4 Re8 15. Be3 Bd7 16. Qf3
Bxd4 17. Bxd4 Nf5 18. Be3 Nxe3 19. Rxe3 Qg5 20. Rae1 Rxe3 21. Rxe3 Re8 22.
Rxe8+ Bxe8 23. Qd1 {Inhibits Qc1.} Bd7 24. Kf1 Qf4 25. Kg1 {[#]} Bf5 ({Black
should play} 25... Bg4 $1 $17 {[%cal Rg4d1]} 26. Qe1 Bf5) 26. h3 (26. Bc2 $11 {
is superior.}) 26... g5 $17 27. a4 Kg7 (27... Qe4 $15) 28. axb5 $11 axb5 29.
Bc2 {Prevents Qe4.} Bxc2 30. Qxc2 {[%mdl 4096] Endgame KQ-KQ} Qc4 31. Qd1 Qe4
32. Qd4+ Qe5 {[#]} (32... Qxd4 $11 33. cxd4 Kg6) 33. Kf1 (33. Qxe5+ $1 $16 dxe5
34. f3) 33... f5 {The position is equal.} 34. Qd3 Qe4 35. Qxb5 Qb1+ 36. Ke2
Qc2+ 37. Ke1 Qc1+ 38. Ke2 Qc2+ 39. Ke1 Qc1+ 40. Ke2 {Weighted Error Value:
White=0.12 (very precise) /Black=0.12 (very precise)} 1/2-1/2

[Event "7th Gashimov Memorial-Rapid 2021"]
[Site "Baku"]
[Date "2021.12.20"]
[Round "5.1"]
[White "Mamedov, Rauf"]
[Black "Rapport, Richard"]
[Result "0-1"]
[WhiteElo "2656"]
[BlackElo "2763"]
[Annotator "TA"]
[PlyCount "90"]
[EventDate "2021.12.17"]
[EventType "tourn"]
[EventCountry "AZE"]
[SourceTitle "playchess.com"]
[Source "ChessBase"]
[SourceQuality "1"]

{[%evp 10,90,3,0,0,-45,-52,-56,-41,-50,-31,-14,-22,-21,0,-27,-14,-12,-12,-34,
-1,-5,-8,0,0,-59,-51,-91,-79,-80,-83,-104,-94,-94,-84,-95,-92,-95,-78,-151,
-151,-173,-172,-185,-185,-185,-185,-223,-182,-208,-222,-238,-236,-283,-270,
-283,-258,-316,-322,-589,-596,-587,-578,-602,-564,-1303,-1288,-1922,-1624,
-29978,-29979,-29978,-29979,-29979,-2537,-931,-2218,-1931,-1902,-1477,-1211,
-801,-683]} 1. e4 e6 2. d4 d5 3. e5 c5 4. c3 Nc6 5. Nf3 Bd7 6. Bd3 cxd4 {
C02: French: Advance Variation.} 7. O-O (7. cxd4 $11 {should be considered.}
Qb6 8. Be2) 7... dxc3 $15 8. Nxc3 Nge7 {Black is slightly better.} 9. Bg5 Qb8
10. Re1 Ng6 {[#]} 11. Rc1 $146 ({Predecessor:} 11. Bxg6 fxg6 12. Nxd5 Bc8 13.
Nf4 Qc7 14. Rc1 Qb6 15. Re3 Bc5 16. Rb3 Qa5 17. Qd3 {1-0 (25) Mammadova,G 
(2395)-Mkrtchian,L (2378) Sitges 2021}) 11... h6 12. Be3 Ngxe5 13. Nxe5 Nxe5
14. Bb5 Bd6 {Threatens to win with ...0-0.} 15. Bd4 Nc6 {aiming for ...0-0.}
16. Nxd5 Kf8 (16... Bxh2+ $2 17. Kh1 Kf8 18. Bc5+ Kg8 19. Bxc6 Bxc6 20. Ne7+
Kh7 21. Qd3+ g6 22. Nxc6 bxc6 23. g3 $18) 17. Nc3 (17. Ne3 $1 $11) 17... Nxd4
18. Qxd4 Bxb5 19. Nxb5 Bxh2+ 20. Kh1 {[#]} a6 $1 21. Qc5+ Kg8 22. Nc7 Bxc7 23.
Qxc7 h5 24. Red1 {[#]} (24. Re3 $142) 24... Rh6 $1 $17 {[%cal Bh8h6,Bh6f6,
Bf6f5][%mdl 32]} 25. Rd7 Rf6 26. f3 Qxc7 27. Rcxc7 $19 {[%mdl 4096] Endgame
KRR-KRR} b5 {[%cal Bb7b5,Bb5b4][%mdl 32]} 28. Kh2 g6 29. Rd6 Rf5 30. Rdd7 b4
31. b3 Rb8 32. Rc6 a5 33. Ra6 Rc8 34. Rda7 $2 (34. Rd2) 34... Rc2 {[%csl LRa2,
LRf3] Hoping for ...Rg5.} 35. Rxa5 Rxf3 36. Rg5 Kg7 37. Ra4 Rf4 {Strongly
threatening ...h4.} 38. a3 h4 {...f5 is the strong threat.} 39. Rxb4 Rxb4 40.
axb4 {KR-KR} f5 41. Kh3 Rc3+ (41... Rc1 $142 42. Kxh4 Rh1+ 43. Kg3 Kf6 44. Kf4
Rh4+ 45. Ke3 Kxg5 46. b5 Rb4 47. g3 Rxb3+ 48. Kd2 e5 49. Kc2 Rxb5 50. Kc3 Rc5+
51. Kb4 Rc8 52. Ka5 e4 53. Kb6 e3 54. Kb5 e2 55. Ka6 e1=Q 56. Kb7 Qe6 57. Ka7
Rc7+ 58. Kb8 Qc8#) 42. Kxh4 {Black is clearly winning.} Rxb3 43. Rg3 Rxb4+ 44.
Kh3 Kf6 45. Ra3 e5 {Weighted Error Value: White=0.66/Black=0.23 (precise)} 0-1

[Event "7th Gashimov Memorial-Rapid 2021"]
[Site "Baku"]
[Date "2021.12.20"]
[Round "5.1"]
[White "Asadli, Vugar"]
[Black "Navara, David"]
[Result "0-1"]
[WhiteElo "2579"]
[BlackElo "2697"]
[Annotator "TA"]
[PlyCount "76"]
[EventDate "2021.12.17"]
[EventType "tourn"]
[EventCountry "AZE"]
[SourceTitle "playchess.com"]
[Source "ChessBase"]
[SourceQuality "1"]

{[%evp 11,76,-20,0,8,22,22,24,8,13,6,20,12,26,28,37,52,55,56,47,68,65,50,65,39,
60,0,0,-15,0,-85,-75,-99,-104,-105,-95,-98,-64,-152,-135,-204,-215,-359,-356,
-445,-467,-819,-856,-802,-828,-829,-817,-1183,-1150,-1624,-1193,-2002,-1837,
-1703,-816,-1010,-886,-1163,-1153,-2260,-1979,-1839,-1175]} 1. e4 c5 2. Nf3 d6
3. d4 cxd4 4. Nxd4 Nf6 5. Nc3 a6 6. Rg1 e5 7. Nb3 {B90: Sicilian Najdorf:
Unusual White 6th moves, 6 Be3 Ng4 and 6 Be3 e5.} h5 {Inhibits g4.} 8. Bg5 Be6
9. Qd2 {White has an edge.} Nbd7 10. Bd3 b5 11. O-O-O Be7 12. f4 $1 Qc7 13. Kb1
{[#]} Nb6 $146 ({Predecessor:} 13... Rb8 14. h3 h4 15. Qe1 b4 16. Nd5 Nxd5 17.
exd5 Bxd5 18. Bxe7 Kxe7 19. g3 g6 20. gxh4 {0-1 (75) Giri,A (2777)-Duda,J 
(2756) chess24.com INT 2021}) 14. a3 Na4 15. Nd5 Bxd5 16. exd5 e4 17. Be2 Rc8 {
[%cal Of6d5]} 18. Rge1 (18. c3 $14) 18... Nxd5 $11 {[%cal Od5c3]} 19. Bxe7 Nxe7
{Pair of Knights!} ({Don't do} 19... Kxe7 20. c4 Ndc3+ 21. bxc3 $16) 20. c3 (
20. Nd4 $1 $11) 20... d5 $17 {Black continues to play with concentration.} 21.
f5 Rh6 22. Rf1 Qxh2 23. Nd4 {[%cal Of5f6]} Qg3 24. Rde1 ({White should try} 24.
f6 $15 Rxf6 25. Rxf6 gxf6 26. Rf1) 24... h4 25. Bd1 (25. Rh1 $17) 25... Nb6 $19
26. Bc2 (26. Bb3 $142) 26... Nc4 27. Qe2 Nxb2 {Black is clearly winning.} 28.
Bxe4 (28. Rf3 $142 Qd6 29. Kxb2 exf3 30. Qxf3) 28... Na4 ({Stronger than} 28...
dxe4 29. Qxe4 Qd3+ 30. Kxb2 Qxe4 31. Rxe4 $15) 29. Rf3 Nxc3+ 30. Rxc3 Qxc3 31.
Bc2 Qxa3 {Hoping for ...h3.} 32. Qe5 Kf8 {[#] aiming for ...h3.} 33. Rf1 Qb4+
34. Bb3 Qd6 35. Qe3 Ng8 36. f6 Rxf6 37. Nf5 Qb4 38. Rf4 Qc3 {Weighted Error
Value: White=0.98/Black=0.33} 0-1

[Event "7th Gashimov Memorial-Rapid 2021"]
[Site "Baku"]
[Date "2021.12.20"]
[Round "5.2"]
[White "Mamedyarov, Shakhriyar"]
[Black "Anand, Viswanathan"]
[Result "1/2-1/2"]
[WhiteElo "2767"]
[BlackElo "2751"]
[Annotator "TA"]
[PlyCount "45"]
[EventDate "2021.12.17"]
[EventType "tourn"]
[EventCountry "AZE"]
[SourceTitle "playchess.com"]
[Source "ChessBase"]
[SourceQuality "1"]

{[%evp 9,45,14,12,20,20,17,13,21,21,15,24,22,26,27,30,33,42,53,54,28,79,0,26,
19,23,24,19,6,25,10,13,9,13,6,18,0,9,-4]} 1. d4 Nf6 2. Bg5 d5 3. Nd2 e6 4. e4
Be7 5. e5 Nfd7 6. Bxe7 {A45: Trompowsky Attack.} Qxe7 7. c3 {Prevents Qb4.} c5
8. Bd3 Nc6 9. Ne2 cxd4 10. cxd4 f6 11. exf6 Qxf6 12. Nf3 O-O 13. O-O e5 {
[#] ...e4 is the strong threat.} 14. Nc3 $146 ({Predecessor:} 14. Qb3 Nb6 15.
dxe5 Nxe5 16. Nxe5 Qxe5 17. Nc3 Be6 18. Rae1 Qf6 19. Nb5 Bf7 20. Qb4 {1-0 (32)
Jaeger,F (2040)-Ernstsen,A Tromsoe 1998}) 14... Nb6 (14... exd4 $11 {keeps the
balance.} 15. Nxd5 Qd6) 15. Qb3 (15. dxe5 $16 Nxe5 16. Nxe5 Qxe5 17. Qc2) 15...
exd4 (15... Be6 $5 {[%cal Re5e4]} 16. dxe5 Qh6 $11) 16. Nxd5 Nxd5 17. Qxd5+ Kh8
$1 18. a3 Bf5 19. Qxf5 Qxf5 {The position is equal.} 20. Bxf5 Rxf5 21. Rad1 Rd8
22. Rfe1 Kg8 23. Kf1 {Weighted Error Value: White=0.12 (very precise) /Black=0.
08 (flawless)} 1/2-1/2

[Event "7th Gashimov Memorial-Rapid 2021"]
[Site "Baku"]
[Date "2021.12.20"]
[Round "5.2"]
[White "Rapport, Richard"]
[Black "Mamedov, Rauf"]
[Result "1-0"]
[WhiteElo "2763"]
[BlackElo "2656"]
[Annotator "TA"]
[PlyCount "81"]
[EventDate "2021.12.17"]
[EventType "tourn"]
[EventCountry "AZE"]
[SourceTitle "playchess.com"]
[Source "ChessBase"]
[SourceQuality "1"]

{[%evp 22,81,27,13,22,21,27,12,40,22,20,20,66,62,104,104,94,147,243,253,313,
306,325,307,475,454,448,415,567,381,368,327,386,351,358,192,455,443,447,377,
456,451,567,543,565,546,572,539,756,756,887,895,858,796,2345,1666,29971,29973,
29973,29975,29976,29977]} 1. e4 c5 2. Nf3 Nc6 3. d4 cxd4 4. Nxd4 Nf6 5. Nc3 d6
6. Bg5 e6 7. Qd2 a6 8. O-O-O Bd7 9. Kb1 h6 10. Be3 b5 11. Nxc6 $5 {[%mdl 4] A
promising side line.} Bxc6 12. f3 Be7 {B66: Sicilian: Richter-Rauzer: 7...a6 8
0-0-0 h6.} 13. Ne2 Bb7 14. Nd4 Rc8 {The position is equal.} 15. g4 Nd7 16. h4 {
[%cal Bh2h4,Bh4g5][%mdl 32]} d5 {has lost popularity (16...Ne5).} (16... Qc7
$11) 17. Bh3 $14 {Strongly threatening g5.} Ne5 ({Reject} 17... Bxh4 18. Bg2
Nb6 19. b3 $11) (17... dxe4 $14 {might be stronger.} 18. g5 hxg5) 18. g5 $16
hxg5 19. hxg5 {[%cal Oh3e6] Black must now prevent Bxe6!} Nc4 (19... Qc7 $16)
20. Qe2 $18 {[%cal Og5g6] g6! is the strong threat.} Nxe3 {[#]} ({Less strong
is} 20... Bxg5 21. Bxe6 $1 {[%mdl 512]} Rxh1 22. Rxh1 fxe6 23. Rh8+ (23. Nxe6
$2 Qf6 $19) 23... Kf7 24. Rxd8 Bxd8 25. b3 $18) 21. Bxe6 $146 {[%mdl 576]
Discovered Attack} ({Predecessor:} 21. Qxe3 Bxg5 22. f4 Be7 23. Bxe6 Rxh1 24.
Rxh1 fxe6 25. Rh8+ Kd7 26. Rxd8+ Bxd8 27. f5 {0-1 (43) Klauser,M (2362)-Nuri,K
(2233) Lenzerheide 2010}) 21... Rxh1 22. Rxh1 {Dancing on a razor blade.} Nxc2
(22... fxe6 {is a better defense.} 23. Rh8+ Kd7 24. Rxd8+ Rxd8) 23. Bxc8 Nxd4
24. Bxb7 Qc7 25. Qd3 Qc4 26. Qxc4 dxc4 27. Bxa6 Bxg5 {[%mdl 4096] Endgame [#]
KRB-KBN} 28. Rd1 (28. Bxb5+ $142 $1 {[%mdl 512]} Nxb5 29. Rh5) 28... Nxf3 $2 (
28... Be3 29. f4 Ke7) 29. Bxb5+ Ke7 30. Kc2 Ne5 31. Kc3 Be3 32. Bxc4 g5 33. Bf1
g4 34. b4 g3 35. a4 {[%cal Ba2a4,Ba4a5,Ba5a6,Ba6a7][%mdl 32]} Ng4 36. a5 Bf2
37. Bh3 Ne3 38. Rd7+ Ke8 39. a6 {White mates.} g2 40. a7 {[%cal Ra7a8]} Nd5+
41. Rxd5 {White took control after the opening.  Weighted Error Value: White=0.
22 (precise) /Black=0.62} 1-0

[Event "7th Gashimov Memorial-Rapid 2021"]
[Site "Baku"]
[Date "2021.12.20"]
[Round "5.2"]
[White "Karjakin, Sergey"]
[Black "Caruana, Fabiano"]
[Result "1/2-1/2"]
[WhiteElo "2743"]
[BlackElo "2792"]
[Annotator "TA"]
[PlyCount "100"]
[EventDate "2021.12.17"]
[EventType "tourn"]
[EventCountry "AZE"]
[SourceTitle "playchess.com"]
[Source "ChessBase"]
[SourceQuality "1"]

{[%evp 18,100,33,22,21,31,26,26,29,27,30,23,29,26,16,0,0,0,0,-13,-2,-6,-2,-10,
0,-27,-22,-26,25,31,31,31,31,32,59,12,73,47,78,33,33,18,18,15,10,0,0,0,0,0,0,0,
20,25,33,0,0,-15,0,0,0,0,0,0,0,0,0,0,0,0,0,0,0,0,0,0,0,-4,0,0,0,0,0,0,0]} 1. e4
e5 2. Nf3 Nc6 3. Bb5 a6 4. Ba4 d6 5. c3 Bd7 6. O-O g6 7. d4 Bg7 8. Re1 Nf6 $1 {
[%mdl 4] now scores much better than the old 8...Nge7.} 9. Nbd2 O-O 10. h3 Re8
{C60: Ruy Lopez: Unusual Black 3rd moves and 3...g6.} 11. Bc2 b5 12. Nf1 Na5 {
White has an edge.} 13. Ng3 c5 14. d5 Nc4 15. a4 Nb6 16. b3 {[#]} c4 $146 ({
Predecessor:} 16... bxa4 17. bxa4 Qc7 18. Bd3 c4 19. Bf1 a5 20. Be3 Reb8 21.
Nd2 Bc8 22. Bxb6 Qxb6 23. Bxc4 {1-0 (75) Svane,F (2421)-Amanov,Z (2338) Chess.
com INT 2020}) 17. axb5 cxb3 18. Bd3 axb5 19. Rxa8 Qxa8 20. Qxb3 Qa4 21. Qxa4
Nxa4 22. Ba3 Nc5 (22... Bf8 $142 $1) 23. Bxc5 $11 dxc5 24. c4 $1 b4 25. Ra1 Bf8
26. Ne2 (26. Bc2 $14) 26... Bc8 (26... Bf5 $1 $11) 27. Nc1 Bd6 28. Nb3 (28. Bc2
$16) 28... Re7 $14 29. Ra8 Rc7 30. Na5 Kg7 31. Nd2 Nd7 32. Ndb3 Nb6 33. Rb8 Na4
(33... Nd7 $5 34. Ra8 Nb6 $11) 34. Ra8 $1 Nc3 (34... Nb6 $5 35. Rb8 Nd7 $11)
35. f3 f5 36. Nc6 {Pair of Knights!} fxe4 {The position is equal.} 37. Bxe4
Nxe4 38. fxe4 Bb7 {[%csl LRa8,LRc6]} 39. Ra7 ({Much worse is} 39. Rd8 Bxc6 40.
Rxd6 Ba4 $15) 39... Bxc6 40. Rxc7+ Bxc7 41. dxc6 $11 {[%mdl 4096] Endgame KB-KN
} Kf6 42. Nxc5 {[#] Nb3 is the strong threat.} Ke7 $1 {( -> ...Bb6)} ({But not
} 42... Bb6 {[#]} 43. Kf1 $1 Ke7 44. Nb3 $14) 43. Kf1 {And now Na6 would win.}
(43. Nb3 $5 {[%cal Rc4c5]}) 43... Kd6 {[%csl LRc5,LRc6]} 44. Nb3 Kxc6 45. Ke2
Bd8 46. Kd3 Bg5 47. Kc2 h5 48. Kd3 Kb6 49. Ke2 Kc6 50. Kf3 Kb6 {Weighted Error
Value: White=0.06 (flawless) /Black=0.07 (flawless)} 1/2-1/2

[Event "7th Gashimov Memorial-Rapid 2021"]
[Site "Baku"]
[Date "2021.12.20"]
[Round "5.2"]
[White "Navara, David"]
[Black "Asadli, Vugar"]
[Result "1-0"]
[WhiteElo "2697"]
[BlackElo "2579"]
[Annotator "TA"]
[PlyCount "55"]
[EventDate "2021.12.17"]
[EventType "tourn"]
[EventCountry "AZE"]
[SourceTitle "playchess.com"]
[Source "ChessBase"]
[SourceQuality "1"]

{[%evp 9,55,10,20,13,7,23,20,6,36,37,41,34,59,57,78,62,69,52,61,41,37,42,40,35,
43,45,89,80,95,93,90,89,86,88,128,94,169,160,380,359,314,206,342,334,414,389,
547,378]} 1. e4 c6 2. Nf3 d5 3. d3 Bg4 4. h3 Bh5 5. Nc3 e6 6. g4 {B11:
Caro-Kann: Two Knights Variation.} Bg6 7. h4 dxe4 {[#]} 8. h5 $1 {The position
is equal.} exf3 (8... Bxh5 $5 9. Ne5 (9. gxh5 exf3 10. Qxf3 Nf6 $15) 9... Bg6
$11) 9. hxg6 fxg6 10. Qxf3 Nd7 {[#]} 11. Bd2 $146 {[%mdl 1024] White has
compensation.} ({Predecessor:} 11. d4 Nb6 12. Bd3 Qf6 13. Qxf6 Nxf6 14. Bxg6+
Kd7 15. g5 Nfd5 16. Nxd5 Nxd5 17. Rxh7 Rxh7 18. Bxh7 {1-0 (46) Noritsyn,N 
(2484)-Barbosa,O (2552) Chess.com INT 2019}) 11... Bd6 12. Ne4 Qc7 13. O-O-O {
[%cal Ba1d1,Bd1e1,Be1e4][%mdl 32] Hoping for Re1.} Ngf6 14. Ng5 Nf8 (14... Ne5
15. Qe2 $16) 15. d4 O-O-O 16. Bc4 $36 {[%mdl 2048] White has some pressure.}
Re8 $1 17. Rde1 {[%cal Rg5e6]} Qd7 (17... Kb8 $14 {was preferrable.}) 18. Ne4
$16 {White is much more active.} Nxe4 19. Rxe4 Kb8 20. Qe2 Qc7 21. g5 a6 22.
Rh3 {[%cal Oc4a6]} Nd7 {[#]} (22... Qc8 $16) 23. Bxa6 $1 $18 {Threatens to win
with Rb3.} (23. Rxe6 $6 Rxe6 24. Bxe6 Bf4 $14) (23. Bxe6 $6 h6 $16) 23... Rhf8
$2 (23... bxa6 $2 24. Qxa6 Nb6 25. Rb3 $18) (23... Ka7 $16) 24. Rb3 b6 25. Kb1
{c4 is the strong threat.} (25. Rxe6 Rxe6 26. Qxe6 Rxf2 $16) 25... Rf5 (25...
Bf4 {was called for.} 26. Bxf4 Rxf4) 26. Bc4 {A strong pair of Bishops.} ({Not
} 26. Rxe6 Rxe6 27. Qxe6 Rxf2 $18) 26... e5 27. f4 Ref8 (27... Be7 $142 28. Rh3
(28. dxe5 Nc5 $18) 28... Nf8 29. dxe5 Rd8) 28. dxe5 {Weighted Error Value:
White=0.07 (flawless) /Black=0.36} 1-0

[Event "7th Gashimov Memorial-Rapid 2021"]
[Site "Baku"]
[Date "2021.12.20"]
[Round "5.3"]
[White "Caruana, Fabiano"]
[Black "Karjakin, Sergey"]
[Result "1/2-1/2"]
[WhiteElo "2792"]
[BlackElo "2743"]
[Annotator "TA"]
[PlyCount "125"]
[EventDate "2021.12.17"]
[EventType "tourn"]
[EventCountry "AZE"]
[SourceTitle "playchess.com"]
[Source "ChessBase"]
[SourceQuality "1"]

{[%evp 13,125,0,0,0,0,0,0,-12,0,0,0,0,0,-6,16,0,3,0,24,0,6,0,7,0,0,0,0,0,8,8,
12,6,6,15,10,10,38,10,59,0,8,7,10,11,40,0,23,0,0,0,63,56,64,55,70,66,113,118,
168,141,123,116,140,140,64,0,0,0,0,0,0,0,0,0,0,0,0,0,0,0,0,0,0,0,0,0,0,0,0,0,0,
0,0,0,0,0,0,0,0,0,0,0,0,0,0,0,0,0,0,-8,0,0,0,-8]} 1. c4 Nf6 2. Nc3 e5 3. Nf3
Nc6 4. d3 d5 5. cxd5 Nxd5 6. g3 (6. e4 Nf6 7. Be2 Bc5 8. O-O O-O 9. Be3 Bb6 10.
Na4 Bg4 11. Rc1 Bxf3 12. Bxf3 Nd4 13. Nc5 Rb8 14. Rc4 Nxf3+ 15. Qxf3 Nd7 16. b4
Re8 17. Rd1 Bxc5 18. bxc5 {1-0 (53) Caruana,F (2822)-Karjakin,S (2782)
Stavanger 2018}) 6... Be7 7. Nxd5 Qxd5 8. Bg2 {A28: English Opening: Four
Knights Variation.} Be6 9. O-O Qd7 10. Be3 O-O 11. a3 {[#]} Bd5 $146 ({
Predecessor:} 11... a5 12. Rc1 f6 13. Nd2 a4 14. Bxc6 bxc6 15. Qc2 Ra6 {
½-½ (15) Andersson,U (2620)-Smyslov,V (2560) Haninge 1989}) 12. Rc1 a6 13.
Qc2 Rfe8 14. Rfd1 Bd6 15. b4 f6 16. Qb2 (16. Nd2 $5 {[%cal Rg2d5]} Bf8 17.
Bxd5+ Qxd5 18. Qc4 $11) 16... Qf7 17. Bc5 Red8 18. e4 Bb3 {[#] Hoping for ...
Bxc5.} 19. Rd2 Bxc5 20. bxc5 Rab8 21. d4 exd4 22. Nxd4 Nxd4 23. Rxd4 Rxd4 24.
Qxd4 a5 25. h4 a4 (25... Qe7 $11 {was preferrable.}) 26. Re1 (26. Bf1 $1 $14)
26... Qe7 27. e5 {[%cal Be4e5,Be5e6,Be6e7][%mdl 32]} Rd8 {To avoid Bd5+} 28.
Qc3 c6 29. e6 f5 (29... Bxe6 $2 {[#]} 30. Bh3 $1 $18 {[%mdl 512]}) 30. Qe5 g6
31. h5 Qg7 (31... Re8 $1 $11) 32. e7 $36 {[%mdl 2048] White is more active.}
Re8 33. Qc7 $1 {White is much more active.} Qc3 34. Re3 Qxc5 (34... Qd4 $14)
35. Qxb7 $16 Kf7 (35... Bd5 $16) 36. Bxc6 $18 ({Much weaker is} 36. hxg6+ $6
hxg6 37. Qxc6 (37. Bxc6 Rxe7 38. Rxe7+ Qxe7 $14) 37... Qxc6 38. Bxc6 Rxe7 $11)
36... Rxe7 37. Rxe7+ Qxe7 38. Qxe7+ ({But not} 38. hxg6+ $6 hxg6 39. Qxe7+ Kxe7
$11) 38... Kxe7 {[%mdl 4096] Endgame KB-KB} 39. h6 ({White should try} 39. f4
$1 $14) 39... g5 {The position is equal.} 40. f4 gxf4 41. gxf4 Kf7 {[%cal
Be7f7,Bf7g6,Bg6h6,Bh6g7,Bg7f6,Bf6f5][%mdl 32]} 42. Kf2 Kg6 43. Bd7 Kxh6 44.
Bxf5 Kg7 45. Kg3 h6 46. Be4 Kf6 47. Bf3 Kf5 48. Bg4+ Kf6 49. Kh4 Kg6 50. Bd7
Bd1 51. Kg3 Kf6 52. Kf2 $1 Bb3 53. Kf3 Bd1+ 54. Ke4 Bb3 55. Bg4 Bc2+ 56. Kd4
Bb3 57. Bh3 Bc2 58. Kc3 Bb3 59. Kb4 h5 60. Kc3 Be6 61. Bf1 Kf5 62. Bh3+ Kf6 63.
Bf1 {Weighted Error Value: White=0.06 (flawless) /Black=0.09 (flawless)}
1/2-1/2